Statistics for Countries that start with P

Click here to take the quiz!

General Stats

  • This quiz has been taken 52 times
  • The average score is 8 of 9

Answer Stats

HintAnswer% Correct
3Panama
95%
6Peru
91%
2Palau
86%
8Poland
86%
4Papua New
Guinea
84%
9Portugal
84%
1Pakistan
81%
5Paraguay
79%
7Philippines
72%

Score Distribution

Percentile by Number Answered

Percent of People with Each Score

Your Score History

You have not taken this quiz